Устройство для регулируемого нагревания кремниевых стержней

Bibliographic Details
Corporate Author: Горно-химический комбинат (ГХК)
Other Authors: Гаврилов П. М. Петр Михайлович, Истомин М. Г. Михаил Геннадьевич, Прочанкин А. П. Александр Петрович, Ревенко Ю. А. Юрий Александрович, Муравицкий С. А. Степан Александрович, Саргун А. В. Александр Васильевич, Шерстов К. Д. Константин Дмитриевич
Summary:опубл. 10.02.09
Изобретение относится к химической промышленности, а именно к производству кремния в реакторах водородного восстановления полихлорсиланов, и может быть использовано для регулируемого нагревания стержней поликристаллического кремния в реакторе.
Language:Russian
Published:
Subjects:
Online Access:http://www.fips.ru/Archive/PAT/2009FULL/2009.02.10/DOC/RUNWC1/000/000/002/346/416/document.pdf
Format: Electronic Book
KOHA link:https://koha.lib.tpu.ru/cgi-bin/koha/opac-detail.pl?biblionumber=646375

MARC

LEADER 00000nlm0a2200000 4500
001 646375
005 20231214154631.0
029 1 0 |a RU  |b 2346416  |c Пат.  |d МПК H 05 B 1/02 
035 |a (RuTPU)RU\TPU\network\11511 
035 |a RU\TPU\network\11510 
039 0 |a RU  |b 2008101872/09  |c 20080117 
090 |a 646375 
100 |a 20160226j20090210k y0rusy50 ca 
101 0 |a rus 
102 |a RU 
105 |a a k 000zy 
135 |a drgn ---uucaa 
181 0 |a i  
182 0 |a b 
200 1 |a Устройство для регулируемого нагревания кремниевых стержней  |f П. М. Гаврилов [и др.]  |g Горно-химический комбинат (ГХК) 
203 |a Текст  |c электронный 
300 |a опубл. 10.02.09 
330 |a Изобретение относится к химической промышленности, а именно к производству кремния в реакторах водородного восстановления полихлорсиланов, и может быть использовано для регулируемого нагревания стержней поликристаллического кремния в реакторе. 
610 1 |a патенты 
610 1 |a труды учёных ТПУ 
610 1 |a электронный ресурс 
610 1 |a изобретения 
610 1 |a нагревание 
610 1 |a кремниевые стержни 
610 1 |a химическая промышленность 
610 1 |a кремний 
610 1 |a реакторы 
610 1 |a водородное восстановление 
610 1 |a полихлорсиланы 
610 1 |a поликристаллический кремний 
701 1 |a Гаврилов  |b П. М.  |c специалист в области атомной энергетики  |c профессор Томского политехнического университета, доктор технических наук  |f 1960-  |g Петр Михайлович  |3 (RuTPU)RU\TPU\pers\27697  |9 12771 
701 1 |a Истомин  |b М. Г.  |g Михаил Геннадьевич 
701 1 |a Прочанкин  |b А. П.  |g Александр Петрович 
701 1 |a Ревенко  |b Ю. А.  |g Юрий Александрович 
701 1 |a Муравицкий  |b С. А.  |g Степан Александрович 
701 1 |a Саргун  |b А. В.  |g Александр Васильевич 
701 1 |a Шерстов  |b К. Д.  |g Константин Дмитриевич 
712 0 2 |a Горно-химический комбинат (ГХК)  |c (Железногорск)  |3 (RuTPU)RU\TPU\col\16911 
801 1 |a RU  |b 63413507  |c 20120201 
801 2 |a RU  |b 63413507  |c 20160229  |g RCR 
856 4 |u http://www.fips.ru/Archive/PAT/2009FULL/2009.02.10/DOC/RUNWC1/000/000/002/346/416/document.pdf 
942 |c CF